000 01471nam a22002297a 4500
999 _c59775
_d59775
003 Ge_BSU
005 20230412124652.0
008 230412s1990 ge ||||| |||| 00| 0 geo d
041 _ageo
080 _a902.2(479.22)+069.02:93/94(479.22) ჭ-46
100 _aჭილაშვილი, ლევან
_917632
245 _aსაქართველოს IV-XVIII სს. მატერიალური კულტურა :
_bგამოფენის გზამკვლევი /
_cსაქ. მეცნ. აკადემია, საქ. სახელმწ. მუზეუმი.
264 _aთბილისი :
_bმეცნიერება,
_c1990.
300 _a90 გვ. :
_b10 ფ. ილ. ;
_c21 სმ.
500 _aპარალ. ტექსტი რუს. და ინგლ.
653 _aარქეოლოგიური გათხრები საქართველოში
653 _aსაქართველოს მატერიალური კულტურის ძეგლები
653 _aსაქართველოს სახელმწიფო მუზეუმი -- არქეოლოგიური ექსპონატები
710 _aსაქართველოს მეცნიერებათა აკადემია
_917633
710 _aსაქ. სახელმწ. მუზეუმი.
_917634
942 _2udc
_cBK